Guess the Harry Potter Movies by Scene #38 - Statistics

General Stats
  • This quiz has been taken 106 times
  • The average score is 19 of 20
Answer Stats
Picture Answer % Correct
Philosopher's Stone
100%
Philosopher's Stone
100%
Prisoner of Azkaban
100%
Chamber of Secrets
95%
Deathly Hallows – Part 1
95%
Deathly Hallows – Part 1
95%
Deathly Hallows – Part 2
95%
Deathly Hallows – Part 2
95%
Half-Blood Prince
95%
Order of the Phoenix
95%
Order of the Phoenix
95%
Order of the Phoenix
95%
Prisoner of Azkaban
95%
Deathly Hallows – Part 1
90%
Deathly Hallows – Part 1
90%
Deathly Hallows – Part 2
90%
Deathly Hallows – Part 2
90%
Order of the Phoenix
90%
Prisoner of Azkaban
90%
Goblet of Fire
85%
No matching quizzes found
Score Distribution
Percent of People with Each Score
Percentile by Number Answered
Your Score History
You have not taken this quiz